000 00378nam a2200157Ia 4500
008 151213s9999 xx 000 0 und d
100 _aCharls Dickens
245 _aChristmas Stories
_cCharls Dickens
250 _aVl. 2
260 _aLondon
_bChapman & Hall
_c1911
300 _a4525 p.
650 _aReference
650 _aStory
700 _aCharls Dickens
999 _c2900
_d2900